| 000 | 00476nmm a2200181 a 4500 | ||
|---|---|---|---|
| 003 | AR-X00000XY | ||
| 005 | 20251128212010.0 | ||
| 008 | 107020s1952 ||||||||||||||000 | spa|| | ||
| 040 | _cAR-X00000XY | ||
| 100 | 1 | _aCastro, Carmen | |
| 245 | 1 | 0 | _aMarcel Proust o el vivir escribiendo |
| 260 |
_aMadrid _bRevista de Occidente _c1952 |
||
| 300 | 0 | _a157 p. | |
| 500 | 0 | _aCon firma y subrayado de Alejandra Pizarnik | |
| 655 | _aLITERATURA | ||
| 942 | _cBK | ||
| 998 | _cmartin | ||
| 999 |
_c21994 _d21994 |
||